000
00187 a2200097 4500
001
23403
100
_a
Paget, E
245
_a
Philly
260
_a
_b
Deutsch
_c
1968
090
_c
15807
_d
15807
942
_a
NUST-CAE
_c
M
_c
6455
999
_c
258476
_d
258476